Mohammed: (Record no. 1803)
[ view plain ]
| 000 -LEADER | |
|---|---|
| fixed length control field | 00615nac a22001811u 4500 |
| 008 - FIXED-LENGTH DATA ELEMENTS--GENERAL INFORMATION | |
| fixed length control field | 101101t1960 nyu|||||r|||| 001 0 eng d |
| 010 ## - LIBRARY OF CONGRESS CONTROL NUMBER | |
| LC control number | 60005489 |
| 082 00 - DEWEY DECIMAL CLASSIFICATION NUMBER | |
| Classification number | 297.63 |
| Item number | AND |
| Edition number | 22 |
| 100 ## - MAIN ENTRY--PERSONAL NAME | |
| Personal name | Andrae, Tor |
| 9 (RLIN) | 20863 |
| 245 00 - TITLE STATEMENT | |
| Title | Mohammed: |
| Remainder of title | the Man and his Faith / |
| Statement of responsibility, etc | Tor Anrae; Translated by Theophil Menzel. |
| 260 ## - PUBLICATION, DISTRIBUTION, ETC. (IMPRINT) | |
| Place of publication, distribution, etc | New York : |
| Name of publisher, distributor, etc | Harper, 1960 |
| Date of publication, distribution, etc | 1960 |
| 300 ## - PHYSICAL DESCRIPTION | |
| Extent | 194 p. ; |
| Dimensions | 21 cm. |
| 490 0# - Series Statement | |
| Series statement | Harper torchbooks, TB62. The Cloister library |
| -- | 20864 |
| 500 ## - GENERAL NOTE | |
| General note | Donations |
| 500 ## - GENERAL NOTE | |
| General note | Donations - Dr. Mostafa Gouda |
| 600 00 - SUBJECT ADDED ENTRY--PERSONAL NAME | |
| Personal name | Muhammad, Prophet |
| Dates associated with a name | d. 332 |
| 9 (RLIN) | 20862 |
| 942 ## - ADDED ENTRY ELEMENTS (KOHA) | |
| Item type | Book - Borrowing |
| Call number prefix | 297.63AND |
| Source of classification or shelving scheme | Dewey Decimal Classification |
| Withdrawn status | Item status | Source of classification or shelving scheme | Damaged status | Not for loan | Vendor | Home library | Current library | Shelving location | Date acquired | Source of acquisition | Total Checkouts | Full call number | Barcode | Date last seen | Koha item type |
|---|---|---|---|---|---|---|---|---|---|---|---|---|---|---|---|
| Dewey Decimal Classification | Central Library | Central Library | Lower Floor | 01/11/2010 | 1 | 297.63 AND | 000002514 | 15/07/2025 | Book - Borrowing |